Languages Spoken By Ho Chi Minh - Statistics

General Stats
  • This quiz has been taken 1,087 times
  • The average score is 5 of 6
Answer Stats
Language % Correct
English
96%
Vietnamese
96%
French
94%
Russian
67%
Mandarin
66%
Cantonese
46%
No matching quizzes found
Score Distribution
Percent of People with Each Score
Percentile by Number Answered
Your Score History
You have not taken this quiz